000
00288nam a22001337a 4500
020
_a
978-93-5282-876-0
082
_a
894.812.3
_b
EAR/B
100
_a
BUCK, PEARL. S
245
_a
THE GOOD EARTH
260
_a
KOTTAYAM
_b
DC BOOKS
300
_a
287
650
_a
MALAYALAM NOVEL
942
_c
BK
999
_c
7193
_d
7193